Skylanders Trap Team : Chapitres - Statistiques

Statistiques générales
  • Ce quiz a été pris 9 fois
  • Le résultat moyen est 14 sur 22
Statistiques - réponses
Par images Réponse % Correct
Montagne Chompy
100%
Ile des je sais tout
88%
Le futur des skylands
88%
Zeppelin du chef
88%
Désert doré
75%
Marais des monstres
75%
Skyhighlands
75%
Cauchemar express
63%
L'arme ultime
63%
Observatoires
63%
Opération vol de fusée troll
63%
Sanctuaire du phénix
63%
Scierie mystique
63%
Source du soda
63%
Ville du temps
63%
Wilikinerie
63%
Egouts secrets du dégoût suprême
50%
Miroir du mystère
50%
Musée de minuit
50%
Repaire de la Golden Queen
50%
Aiguilles gratte-soleil
38%
Côte du poisson pluie
38%
Aucun quiz correspondant
Distribution des résultats
% des personnes avec chaque résultat
Percentile par nombre de réponses
Votre historique - résultats
Vous n’avez pas pris ce quiz